Getting to the root of the issue on tree regulation (Record no. 71780)

MARC details
000 -LEADER
fixed length control field 00789cam a2200229 4500
001 - CONTROL NUMBER
control field ABS66238
008 - FIXED-LENGTH DATA ELEMENTS--GENERAL INFORMATION
fixed length control field 021217n2002 000 0 eng u
035 ## - SYSTEM CONTROL NUMBER
System control number (Sirsi) u120794
100 ## - MAIN ENTRY--PERSONAL NAME
Personal name Mynors, C
245 ## - TITLE STATEMENT
Title Getting to the root of the issue on tree regulation
260 ## - PUBLICATION, DISTRIBUTION, ETC.
Date of publication, distribution, etc. 2002
490 ## - SERIES STATEMENT
Series statement RICS Business
Volume/sequential designation November/December 2002, 12(1)
520 ## - SUMMARY, ETC.
Summary, etc. Reminder that trees cause problems due to defects and their position and that a surveyor's advice, regular inspection and good management will avoid acrimony and disputes.
590 ## - LOCAL NOTE (RLIN)
Local note ABS
650 ## - SUBJECT ADDED ENTRY--TOPICAL TERM
Topical term or geographic name entry element TREES
650 ## - SUBJECT ADDED ENTRY--TOPICAL TERM
Topical term or geographic name entry element TREE MAINTENANCE
650 ## - SUBJECT ADDED ENTRY--TOPICAL TERM
Topical term or geographic name entry element HEDGES
650 ## - SUBJECT ADDED ENTRY--TOPICAL TERM
Topical term or geographic name entry element Boundary disputes
9 (RLIN) 6221
650 ## - SUBJECT ADDED ENTRY--TOPICAL TERM
Topical term or geographic name entry element TOWN AND COUNTRY PLANNING (TREES) REGULATIONS 1999
690 ## - LOCAL SUBJECT ADDED ENTRY--TOPICAL TERM (OCLC, RLIN)
Topical term or geographic name as entry element Boundary disputes
9 (RLIN) 6221
942 ## - ADDED ENTRY ELEMENTS (KOHA)
Suppress in OPAC 0
Holdings
Withdrawn status Lost status Source of classification or shelving scheme Damaged status Not for loan Home library Current library Shelving location Date acquired Total Checkouts Full call number Barcode Date last seen Copy number Price effective from Koha item type
    Dewey Decimal Classification     London London Journal article 17/12/2002   ABS66238 120794-1001 06/08/2019 1 06/08/2019 Journal article